000 00426nam a22001811a 4500
001 2484
003 OSt
005 20260204211814.0
008 070202s1996||||sp ||||||b||||||||||spa||
050 _a823.3 S15o
100 _aShakespeare, William
245 _aOtelo, El moro de la Venecia / William Shakespeare
250 _a2
264 _aEspaña: Alba
300 _a156 p
650 _aNovela InglesaÌ
942 _2ddc
_cBK
999 _c2484
_d2484